[Event "Superettan(Rockaden,Umea-Kristallen)"]
[Site "?"]
[Date "2018.02.24"]
[Round "6"]
[White "Andersson, Goran L"]
[Black "Lindgren, Fredrik"]
[Result "1/2-1/2"]
[WhiteElo "2228"]
[BlackElo "2255"]
[PlyCount "101"]

1. d4 d6 2. Nf3 g6 3. Bg5 Bg7 4. Nbd2 Nf6 5. e4 O-O 6. Bd3 Nbd7 7. c3 c6 8. O-O
Qc7 9. Re1 e5 10. a4 a5 11. Nc4 exd4 12. cxd4 d5 13. e5 dxc4 14. exf6 Bxf6 15.
Bxc4 Bxg5 16. Nxg5 Nb6 17. Bb3 Qd8 18. Qd2 Nd5 19. Re4 h6 20. Nxf7 Rxf7 21.
Qxh6 Bf5 22. Re5 Rh7 23. Qe3 Qh4 24. h3 Rf8 25. Re1 Rhf7 26. Rxd5 cxd5 27. Bxd5
Qf6 28. Qe5 Kg7 29. Bxf7 Rxf7 30. Qxa5 Qxd4 31. Qe5+ Qxe5 32. Rxe5 Bd7 33. a5
Kf6 34. Rc5 Ke6 35. Rc7 Bb5 36. Rxf7 Kxf7 37. f4 Ke6 38. g4 Kd5 39. Kf2 Ke4 40.
Kg3 Bd7 41. h4 Be8 42. b4 Kd4 43. f5 gxf5 44. gxf5 Ke5 45. Kg4 Bd7 46. Kg5 Bxf5
47. h5 Bd3 48. h6 Kd5 49. b5 Kc5 50. a6 bxa6 51. bxa6 1/2-1/2

[Event "Superettan(Rockaden,Umea-Kristallen)"]
[Site "?"]
[Date "2018.02.24"]
[Round "6"]
[White "Nygren, David"]
[Black "Gamback, Bjorn"]
[Result "1-0"]
[WhiteElo "2266"]
[BlackElo "2148"]
[PlyCount "55"]

1. e4 c5 2. c3 Nf6 3. e5 Nd5 4. d4 cxd4 5. Nf3 e6 6. cxd4 b6 7. Bc4 Bb7 8. O-O
d6 9. Re1 Nd7 10. Bxd5 Bxd5 11. Nc3 Bxf3 12. Qxf3 dxe5 13. d5 Rc8 14. dxe6 fxe6
15. Ne4 Qe7 16. Rd1 Qb4 17. a3 Qa4 18. Bg5 Nc5 19. Rac1 Rb8 20. Nc3 Qb3 21.
Qc6+ Kf7 22. Qc7+ Kg6 23. Qxb8 Kxg5 24. Qxe5+ Kg6 25. Rd4 h5 26. Rb4 Bd6 27.
Qxd6 Ne4 28. Qd3 1-0

[Event "Superettan(Rockaden,Umea-Kristallen)"]
[Site "?"]
[Date "2018.02.24"]
[Round "6"]
[White "Naslund, Mikael"]
[Black "Lindgren, Mats"]
[Result "1-0"]
[WhiteElo "2205"]
[BlackElo "2217"]
[PlyCount "65"]

1. d4 e6 2. c4 f5 3. g3 Nf6 4. Bg2 Be7 5. Nf3 d6 6. O-O O-O 7. Nc3 Qe8 8. Bg5
Ne4 9. Bxe7 Nxc3 10. bxc3 Qxe7 11. Re1 Nc6 12. e4 fxe4 13. Rxe4 e5 14. dxe5 Bf5
15. Re3 dxe5 16. Nxe5 Nxe5 17. Qd5+ Qf7 18. Qxe5 c6 19. Qc5 Be6 20. Rf3 Qg6 21.
Rxf8+ Rxf8 22. Re1 Qf7 23. f4 Rd8 24. a4 Qf6 25. Qxa7 Bxc4 26. Qxb7 Qxc3 27.
Qe7 Qd4+ 28. Kh1 Ra8 29. Bxc6 Bd5+ 30. Bxd5+ Qxd5+ 31. Qe4 Qa5 32. Qe6+ Kh8 33.
Re5 1-0

[Event "Superettan(Rockaden,Umea-Kristallen)"]
[Site "?"]
[Date "2018.02.24"]
[Round "6"]
[White "Larsson, Johan"]
[Black "Hedstrom, Johan"]
[Result "1-0"]
[WhiteElo "2193"]
[BlackElo "2086"]
[PlyCount "61"]

1. d4 f5 2. Nc3 d5 3. Bg5 c6 4. e3 Nd7 5. Bd3 Ndf6 6. Nge2 e6 7. f3 Qc7 8. O-O
g6 9. e4 Bh6 10. Qd2 Bxg5 11. Qxg5 Kf7 12. g4 Ne7 13. e5 Ne8 14. Qh6 Ng8 15.
Qe3 Ng7 16. b4 a6 17. a4 Bd7 18. b5 axb5 19. axb5 Rxa1 20. Rxa1 h6 21. Ra8 Rh7
22. Qc1 Ne7 23. Qa3 g5 24. Qa7 cxb5 25. Rb8 Bc6 26. Nxb5 Qd7 27. Nd6+ Kg6 28.
Rf8 Ng8 29. Rxg8 h5 30. gxf5+ exf5 31. Bxf5+ 1-0

[Event "Superettan(Rockaden,Umea-Kristallen)"]
[Site "?"]
[Date "2018.02.24"]
[Round "6"]
[White "Persson, Andreas"]
[Black "Johansson, David"]
[Result "0-1"]
[WhiteElo "2172"]
[BlackElo "2104"]
[PlyCount "106"]

1. d4 Nf6 2. Bf4 e6 3. e3 c5 4. c3 Be7 5. Nd2 Nc6 6. Ngf3 Nh5 7. Bg3 O-O 8.
dxc5 Nxg3 9. hxg3 Bxc5 10. Ne4 Be7 11. Qd3 g6 12. Nd6 Qb6 13. O-O-O a5 14. Be2
Qc5 15. Kb1 a4 16. a3 b6 17. Qd2 Na5 18. Ne4 Qf5 19. Bd3 Ba6 20. Nd4 Bxd3+ 21.
Qxd3 Qd5 22. Qc2 Nc4 23. g4 Qb7 24. g5 Kg7 25. Nf6 Bxf6 26. gxf6+ Kxf6 27. Rxh7
Qxg2 28. Qe2 Qe4+ 29. Nc2 d5 30. Rd4 Qe5 31. Rf4+ Ke7 32. Nd4 Qd6 33. Qg4 e5
34. Qg5+ Ke8 35. Rf6 Nd2+ 36. Kc2 Ne4 37. Rxd6 Nxg5 38. Nb5 Nxh7 39. Rxd5 Ke7
40. Rxe5+ Kf6 41. Re4 Rfd8 42. Nd4 Ng5 43. Rf4+ Kg7 44. Nc6 Rd6 45. Ne5 f5 46.
Rb4 Rad8 47. Nc4 Re6 48. Rxa4 Kf6 49. Ra7 Ne4 50. f4 g5 51. Ne5 Nd6 52. Rh7
Rxe5 53. fxe5+ Kxe5 0-1

[Event "Superettan(Rockaden,Umea-Kristallen)"]
[Site "?"]
[Date "2018.02.24"]
[Round "6"]
[White "Mardell, Jimmy"]
[Black "Willinger, Tim"]
[Result "1-0"]
[WhiteElo "2139"]
[BlackElo "2146"]
[PlyCount "61"]

1. e4 e6 2. d4 d5 3. Nc3 Bb4 4. e5 c5 5. a3 Bxc3+ 6. bxc3 Ne7 7. Qg4 O-O 8. Bd3
f5 9. exf6 Rxf6 10. Bg5 Rf7 11. Qg3 Nbc6 12. Nf3 c4 13. Be2 Qa5 14. Bd2 h6 15.
Nh4 Rf6 16. Rd1 Bd7 17. O-O Raf8 18. Rfe1 Kh7 19. Bg4 Nf5 20. Bxf5+ exf5 21.
Nf3 f4 22. Qh4 Bf5 23. Rb1 b6 24. Re2 Bxc2 25. Rbe1 Bd3 26. Re6 Qxa3 27. Rxf6
Rxf6 28. Qh5 Qd6 29. Ng5+ Kg8 30. Re8+ Rf8 31. Qf7+ 1-0

[Event "Superettan(Vasteras-Wasa)"]
[Site "?"]
[Date "2018.02.24"]
[Round "6"]
[White "Shirov, Alexei"]
[Black "Sjodahl, Pontus"]
[Result "1/2-1/2"]
[WhiteElo "2641"]
[BlackElo "2414"]
[PlyCount "108"]

1. e4 e6 2. d4 d5 3. Nc3 Bb4 4. e5 c5 5. a3 Bxc3+ 6. bxc3 Qa5 7. Bd2 Qa4 8. Qg4
Kf8 9. Nf3 Qxc2 10. dxc5 Nc6 11. Be2 Nh6 12. Qh3 Qf5 13. Qxf5 Nxf5 14. O-O f6
15. exf6 gxf6 16. c4 d4 17. Bd3 Nfe7 18. Ne1 Kf7 19. f4 Bd7 20. Rb1 Rab8 21.
Be4 h5 22. Nd3 Nd8 23. Ba5 Bc6 24. Rfe1 Bxe4 25. Rxe4 b6 26. cxb6 Nec6 27. Rb5
a6 28. Rc5 Nxa5 29. Rxa5 Rxb6 30. Rc5 Nc6 31. Kf2 h4 32. Re2 Re8 33. Rb2 Rxb2+
34. Nxb2 Ne7 35. Nd3 Rb8 36. Nb4 Nf5 37. Ra5 Ne3 38. c5 Rg8 39. g3 hxg3+ 40.
hxg3 Nf5 41. c6 Nxg3 42. Rxa6 Ne4+ 43. Ke2 Rg3 44. c7 Re3+ 45. Kf1 Rf3+ 46. Kg2
Rg3+ 47. Kh2 Rc3 48. Rc6 Rxc6 49. Nxc6 Nd6 50. Nxd4 Nc8 51. Nb5 Ke7 52. a4 Kd7
53. Kh3 Nb6 54. a5 Nd5 1/2-1/2

[Event "Superettan(Vasteras-Wasa)"]
[Site "?"]
[Date "2018.02.24"]
[Round "6"]
[White "Akesson, Ralf"]
[Black "Cramling, Pia"]
[Result "1/2-1/2"]
[WhiteElo "2443"]
[BlackElo "2449"]
[PlyCount "35"]

1. c4 c5 2. Nf3 Nc6 3. d4 cxd4 4. Nxd4 Qb6 5. Nb3 Nf6 6. Nc3 e6 7. e3 Bb4 8.
Bd2 d5 9. cxd5 Nxd5 10. Nxd5 exd5 11. Be2 O-O 12. O-O Be6 13. Bxb4 Qxb4 14. Qe1
Qb6 15. Qd2 Rfd8 16. Nd4 Nxd4 17. Qxd4 Qxd4 18. exd4 1/2-1/2

[Event "Superettan(Vasteras-Wasa)"]
[Site "?"]
[Date "2018.02.24"]
[Round "6"]
[White "Bellon Lopez, Juan"]
[Black "Eriksson, Johan"]
[Result "1/2-1/2"]
[WhiteElo "2334"]
[BlackElo "2395"]
[PlyCount "74"]

1. d4 f5 2. Nc3 Nf6 3. Bg5 d5 4. Bxf6 exf6 5. e3 Be6 6. g3 Nc6 7. Nge2 g5 8. h4
Qd7 9. Nc1 O-O-O 10. Nd3 Nb4 11. Qd2 Kb8 12. a3 Nxd3+ 13. Bxd3 c5 14. dxc5 d4
15. exd4 Qxd4 16. O-O-O Bxc5 17. hxg5 fxg5 18. Qxg5 Bxa3 19. Bc4 Qxc3 20. Rxd8+
Kc7 21. Qe7+ Bxe7 22. bxc3 Kxd8 23. Bxe6 Bc5 24. f3 Bf2 25. Bxf5 Bxg3 26. Rd1+
Kc7 27. Rd7+ Kc6 28. Rxh7 Rxh7 29. Bxh7 b6 30. Kd2 Bf4+ 31. Kd3 Kd5 32. Bg8+
Ke5 33. Kc4 Bd2 34. Bh7 Kf4 35. Kd3 Be1 36. Be4 Bf2 37. Kc4 a5 1/2-1/2

[Event "Superettan(Vasteras-Wasa)"]
[Site "?"]
[Date "2018.02.24"]
[Round "6"]
[White "Vaarala, Eric"]
[Black "Suarez Garcia, Carlos"]
[Result "1/2-1/2"]
[WhiteElo "2302"]
[BlackElo "2473"]
[PlyCount "44"]

1. d4 d6 2. e4 Nf6 3. f3 d5 4. e5 Nfd7 5. f4 c5 6. Nf3 Nc6 7. Nc3 e6 8. Ne2 a6
9. c3 b5 10. Be3 Be7 11. g3 b4 12. cxb4 cxb4 13. Nc1 a5 14. Bd3 Nb6 15. Qe2 a4
16. O-O Nc4 17. Bf2 g6 18. b3 axb3 19. Nxb3 Ba6 20. Rfc1 N6a5 21. Nc5 Bb5 22.
Rab1 Bxc5 1/2-1/2

[Event "Superettan(Vasteras-Wasa)"]
[Site "?"]
[Date "2018.02.24"]
[Round "6"]
[White "Astrom, Goran"]
[Black "Norberg, Johan"]
[Result "0-1"]
[WhiteElo "2236"]
[BlackElo "2292"]
[PlyCount "58"]

1. e4 g6 2. d4 Bg7 3. Nc3 d6 4. f4 Nf6 5. Nf3 O-O 6. Bd3 Nc6 7. e5 dxe5 8. fxe5
Nd5 9. Nxd5 Qxd5 10. c3 Bg4 11. Qe2 Rad8 12. Be4 Qd7 13. O-O f6 14. exf6 exf6
15. Bf4 Rfe8 16. Rfe1 Kh8 17. Qb5 f5 18. Bxc6 bxc6 19. Qa5 Bxf3 20. gxf3 Bxd4+
21. Kg2 Bb6 22. Qa4 Qd3 23. Qxc6 Re2+ 24. Kh3 Rd5 25. Rxe2 Qxf3+ 26. Bg3 Qg4+
27. Kg2 Qxe2+ 28. Kh3 Rd2 29. Qa4 Bd4 0-1

[Event "Superettan(Vasteras-Wasa)"]
[Site "?"]
[Date "2018.02.24"]
[Round "6"]
[White "Landgren, Andreas"]
[Black "Wedberg, Tom"]
[Result "1/2-1/2"]
[WhiteElo "2267"]
[BlackElo "2445"]
[PlyCount "50"]

1. d4 Nf6 2. c4 e5 3. dxe5 Ng4 4. Bf4 Nc6 5. Nf3 Bb4+ 6. Nc3 Bxc3+ 7. bxc3 Qe7
8. Qd5 f6 9. exf6 Nxf6 10. Qd3 d6 11. g3 O-O 12. Bg2 Bg4 13. O-O Rae8 14. Rae1
Kh8 15. Nd4 Ne5 16. Qb1 c5 17. Bxe5 Qxe5 18. Nc2 Qxc3 19. Ne3 b6 20. Qb3 Qe5
21. Nxg4 Nxg4 22. h3 Nf6 23. e3 Ne4 24. Rd1 Rf6 25. Rd5 Qe7 1/2-1/2

[Event "Superettan(Vasteras-Wasa)"]
[Site "?"]
[Date "2018.02.24"]
[Round "6"]
[White "Carlsson, Ludvig"]
[Black "Berkell, Peder"]
[Result "1/2-1/2"]
[WhiteElo "2224"]
[BlackElo "2151"]
[PlyCount "57"]

1. Nf3 c5 2. c4 Nf6 3. g3 b6 4. Bg2 Bb7 5. O-O e6 6. Nc3 a6 7. d4 cxd4 8. Qxd4
d6 9. b3 Nbd7 10. Rd1 Be7 11. Ng5 Bxg2 12. Kxg2 O-O 13. Bb2 Rc8 14. Nge4 Rc6
15. Rac1 Qb8 16. Nxf6+ Bxf6 17. Qe4 Rfc8 18. Qe3 b5 19. cxb5 axb5 20. Ba1 b4
21. Ne4 Bxa1 22. Rxc6 Rxc6 23. Rxa1 d5 24. Ng5 Rc3 25. Qd4 h6 26. Nf3 Rc2 27.
Qd3 Rc3 28. Qd4 Rc2 29. Qd3 1/2-1/2

[Event "Superettan(Schack 08-Kamraterna)"]
[Site "?"]
[Date "2018.03.16"]
[Round "7"]
[White "Aberg, Anton"]
[Black "Laveryd, Peter"]
[Result "1/2-1/2"]
[WhiteElo "2368"]
[BlackElo "2353"]
[PlyCount "51"]

1. d4 d6 2. Nf3 Bg4 3. c4 Bxf3 4. gxf3 Nd7 5. f4 e6 6. Nc3 g6 7. e4 Bg7 8. Be3
Ne7 9. d5 e5 10. fxe5 Bxe5 11. Qd2 O-O 12. O-O-O f5 13. f3 f4 14. Bf2 a6 15.
Kb1 Nc8 16. Ne2 Qf6 17. Nd4 Nc5 18. Rc1 Kh8 19. Rc2 a5 20. Nb5 Rf7 21. Bh3 Nb6
22. Nd4 Rff8 23. Rhc1 a4 24. Nb5 Qg7 25. Nd4 Qf6 26. Nb5 1/2-1/2

[Event "Superettan(Schack 08-Kamraterna)"]
[Site "?"]
[Date "2018.03.16"]
[Round "7"]
[White "Ingbrant, Johan"]
[Black "Hamark, Jesper"]
[Result "1-0"]
[WhiteElo "2368"]
[BlackElo "2333"]
[PlyCount "117"]

1. Nf3 Nf6 2. g3 g6 3. b3 Bg7 4. Bb2 d6 5. d4 c5 6. Bg2 cxd4 7. Nxd4 d5 8. O-O
O-O 9. c4 dxc4 10. Na3 cxb3 11. Qxb3 Nc6 12. Nxc6 bxc6 13. Bxc6 Be6 14. Qa4 Rc8
15. Rac1 Bd7 16. Bxd7 Qxd7 17. Qxd7 Nxd7 18. Bxg7 Kxg7 19. Nb5 a6 20. Na7 Rxc1
21. Rxc1 Nb8 22. Rc7 e6 23. Nc6 Nxc6 24. Rxc6 Ra8 25. a4 h5 26. f4 Ra7 27. a5
Kf6 28. Kf2 Ke7 29. Kf3 Kf6 30. Ke4 g5 31. f5 g4 32. Kf4 Rb7 33. fxe6 fxe6 34.
Rb6 Rc7 35. Rxa6 Rc2 36. Ke3 Ra2 37. Ra8 Ra3+ 38. Kd4 Ra2 39. a6 Ra4+ 40. Kc5
Ke5 41. Kb6 Ra2 42. Rh8 Rb2+ 43. Ka7 Rxe2 44. Rxh5+ Ke4 45. Kb6 e5 46. Rh6 Rb2+
47. Kc7 Rc2+ 48. Kb7 Rb2+ 49. Rb6 Rxh2 50. a7 Rh7+ 51. Ka6 Rxa7+ 52. Kxa7 Kf3
53. Rb3+ Kf2 54. Kb6 e4 55. Kc5 e3 56. Kd4 e2 57. Re3 e1=Q 58. Rxe1 Kxg3 59.
Ke3 1-0

[Event "Superettan(Schack 08-Kamraterna)"]
[Site "?"]
[Date "2018.03.16"]
[Round "7"]
[White "Svenn, Gosta"]
[Black "Rosberg, Simon"]
[Result "0-1"]
[WhiteElo "2307"]
[BlackElo "2303"]
[PlyCount "108"]

1. c4 c6 2. Nf3 d5 3. e3 Nf6 4. b3 g6 5. Bb2 Bg7 6. Be2 Bg4 7. O-O O-O 8. d3
Re8 9. Nbd2 Nbd7 10. h3 Bxf3 11. Nxf3 e5 12. cxd5 Nxd5 13. Qc2 a5 14. a3 Qe7
15. Nd2 Nc5 16. Rac1 e4 17. dxe4 Nxe4 18. Nxe4 Qxe4 19. Qxe4 Rxe4 20. Bxg7 Kxg7
21. Bf3 Re5 22. Rfd1 Nb6 23. Rd4 Rb5 24. Rc3 Kf8 25. Rcd3 Ke7 26. Kf1 Rc8 27.
g4 h6 28. Re4+ Kf8 29. Ke2 Nd5 30. Kd2 Nf6 31. Rc4 Ke7 32. Kc3 Nd7 33. Re4+ Ne5
34. a4 f5 35. gxf5 gxf5 36. Rf4 Nxd3 37. Kxd3 Rxb3+ 38. Kc2 Rb4 39. Rxf5 Rxa4
40. Bg4 Rf8 41. Re5+ Kd6 42. f4 Rf6 43. Re8 Rc4+ 44. Kd3 Rc5 45. Ra8 Rd5+ 46.
Ke4 h5 47. Be2 Rdf5 48. Rd8+ Kc5 49. Rd4 b5 50. Kf3 a4 51. Kg3 Rd5 52. Re4 Rf8
53. Re7 Ra8 54. e4 a3 0-1

[Event "Superettan(Schack 08-Kamraterna)"]
[Site "?"]
[Date "2018.03.16"]
[Round "7"]
[White "Renman, Nils-Gustaf"]
[Black "Svensson, Bengt"]
[Result "1-0"]
[WhiteElo "2350"]
[BlackElo "2319"]
[PlyCount "57"]

1. d4 Nf6 2. Nf3 d5 3. c4 dxc4 4. e3 e6 5. Bxc4 c5 6. O-O a6 7. Qe2 b5 8. Bb3
Bb7 9. Rd1 Nbd7 10. e4 cxd4 11. Nxd4 Qb8 12. Nc3 Bd6 13. g3 Bc5 14. Bxe6 fxe6
15. Nxe6 Qe5 16. Nxg7+ Kf7 17. Bf4 Qe7 18. Nf5 Qe6 19. Nd6+ Bxd6 20. Rxd6 Qh3
21. Rad1 Rae8 22. Bg5 Rhg8 23. Bxf6 Nxf6 24. Qf3 Rg6 25. Rb6 Re7 26. Rdd6 Qh4
27. Rxb7 Rxb7 28. e5 Re7 29. Rxf6+ 1-0

[Event "Superettan(Schack 08-Kamraterna)"]
[Site "?"]
[Date "2018.03.16"]
[Round "7"]
[White "Madebrink, Lars"]
[Black "Wikstrom, Per"]
[Result "1-0"]
[WhiteElo "2168"]
[BlackElo "2199"]
[PlyCount "73"]

1. Nf3 e6 2. c4 d5 3. d4 c6 4. Qc2 Nf6 5. g3 Nbd7 6. Bg2 Bd6 7. O-O O-O 8. Nbd2
Re8 9. b3 e5 10. cxd5 cxd5 11. dxe5 Nxe5 12. Bb2 Nc6 13. Rfe1 Bg4 14. a3 Qd7
15. Rad1 Bf5 16. Qc1 Qe7 17. b4 Rad8 18. Qa1 Ne5 19. Rc1 Ne4 20. Nxe4 dxe4 21.
Nd4 Bg6 22. Bh3 Bb8 23. Nf5 Qg5 24. Ne3 Qh5 25. Bg2 b6 26. Rc2 f5 27. Rd1 Rxd1+
28. Qxd1 Bf7 29. Qd4 Qg5 30. Rd2 Bc7 31. Nd5 Rd8 32. h4 Qh6 33. Qc3 Bb8 34.
Ne7+ Kf8 35. Rxd8+ Kxe7 36. Rxb8 Nd7 37. Rb7 1-0

[Event "Superettan(Schack 08-Kamraterna)"]
[Site "?"]
[Date "2018.03.16"]
[Round "7"]
[White "Karlsson, Tomas"]
[Black "Borvander, Tom"]
[Result "1-0"]
[WhiteElo "2251"]
[BlackElo "2126"]
[PlyCount "63"]

1. e4 e5 2. Nf3 Nc6 3. Bb5 a6 4. Ba4 Nf6 5. O-O b5 6. Bb3 Bc5 7. c3 d6 8. a4
Rb8 9. axb5 axb5 10. d4 Bb6 11. Na3 O-O 12. Nxb5 exd4 13. cxd4 Bg4 14. Ra4 Qd7
15. Bc2 Rfe8 16. Nc3 Bxf3 17. gxf3 Qh3 18. Be3 Ne7 19. Kh1 Ng6 20. Rg1 Nh5 21.
Bd3 Nh4 22. Be2 Nf6 23. f4 Qc8 24. f3 Nf5 25. Bf2 Ne7 26. Bh4 Nd7 27. f5 f6 28.
Qb3+ Kf8 29. Qa2 Ra8 30. Ba6 Qd8 31. Nd5 c6 32. Nf4 1-0

[Event "Superettan(Schack 08-Kamraterna)"]
[Site "?"]
[Date "2018.03.16"]
[Round "7"]
[White "Aroven, Mikael"]
[Black "Schutz, Ingemar"]
[Result "1/2-1/2"]
[WhiteElo "2116"]
[BlackElo "2200"]
[PlyCount "133"]

1. Nf3 Nf6 2. c4 g6 3. b3 Bg7 4. Bb2 d6 5. g3 O-O 6. Bg2 e5 7. O-O Re8 8. Nc3
Nc6 9. d3 Bf5 10. e4 Bg4 11. h3 Bxf3 12. Bxf3 Nd4 13. Bg2 Nd7 14. Nb5 Nxb5 15.
cxb5 Nf8 16. a4 Ne6 17. b4 Bh6 18. h4 c6 19. bxc6 bxc6 20. Bc3 Qb6 21. Qc2 a6
22. Rab1 Rf8 23. Qa2 Kh8 24. Kh2 Bg7 25. Bh3 Rae8 26. Qc4 f5 27. Kg2 Nc7 28.
Bd2 d5 29. Qc5 Qb7 30. Rbc1 Re6 31. h5 Rf7 32. Rh1 Bf8 33. Qe3 Kg8 34. hxg6
hxg6 35. exf5 gxf5 36. Qg5+ Bg7 37. Bxf5 Ref6 38. Rh7 Ne6 39. Bxe6 Rxf2+ 40.
Kh3 Kxh7 41. Rh1 Kg8 42. Qd8+ Bf8 43. Bh6 Qe7 44. Qxf8+ Qxf8 45. Bxf8 Kxf8 46.
Bxf7 Kxf7 47. Rc1 Rf6 48. Rc5 e4 49. dxe4 dxe4 50. Re5 Re6 51. Rxe6 Kxe6 52.
Kg2 Kd5 53. Kf2 c5 54. bxc5 Kxc5 55. Ke3 Kd5 56. a5 Ke5 57. g4 Kd5 58. g5 Ke5
59. g6 Kf6 60. Kxe4 Kxg6 61. Kd5 Kf6 62. Kc6 Ke6 63. Kb6 Kd6 64. Kxa6 Kc6 65.
Ka7 Kc7 66. Ka6 Kc6 67. Ka7 1/2-1/2

[Event "Superettan(Schack 08-Kamraterna)"]
[Site "?"]
[Date "2018.03.16"]
[Round "7"]
[White "Nyander, Joakim"]
[Black "Holming, Patrick"]
[Result "1-0"]
[WhiteElo "2169"]
[BlackElo "1981"]
[PlyCount "51"]
[EventDate "2018.??.??"]

1. c4 e5 2. g3 g6 3. Bg2 Bg7 4. Nc3 f5 5. d3 Nf6 6. e4 f4 7. gxf4 exf4 8. Bxf4
Nh5 9. Be3 O-O 10. Qd2 c6 11. Nge2 d6 12. Ng3 Qa5 13. O-O Be6 14. Rab1 Nf6 15.
f3 Nbd7 16. Nce2 Qxd2 17. Bxd2 Ne5 18. Nf4 Bf7 19. b3 Bh6 20. Rbd1 Bg7 21. d4
Ned7 22. Nd3 a5 23. Bh3 Rfd8 24. e5 Nh5 25. e6 Bxd4+ 26. Kg2 1-0

[Event "Superettan(Wasa-Orgryte)"]
[Site "?"]
[Date "2018.03.16"]
[Round "7"]
[White "Kumar, Rahul"]
[Black "Bassem, Amin"]
[Result "0-1"]
[WhiteElo "2183"]
[BlackElo "2693"]
[PlyCount "138"]

1. d4 Nf6 2. Bf4 g6 3. Nf3 Bg7 4. e3 d6 5. h3 O-O 6. Be2 c5 7. O-O Qb6 8. Nbd2
cxd4 9. Nc4 Qc7 10. exd4 b6 11. Ne3 Bb7 12. a4 Nbd7 13. c3 e5 14. Bh2 Rfe8 15.
Re1 a6 16. Qb3 Re7 17. Qc4 Qxc4 18. Nxc4 e4 19. Bf1 d5 20. Nd6 Bc6 21. b4 Nf8
22. Ne5 Bd7 23. c4 Ne6 24. c5 bxc5 25. dxc5 Nd4 26. Ra2 Be6 27. Rd2 Nd7 28.
Nxd7 Rxd7 29. b5 axb5 30. axb5 Nb3 31. Rc2 Bf8 32. c6 Rxd6 33. Bxd6 Bxd6 34. b6
Nd4 35. b7 Re8 36. Ra2 Kf8 37. Rd1 Nxc6 38. Ra6 Nd8 39. Rxd6 Nxb7 40. Rb6 Nc5
41. Rc1 Nd7 42. Rd6 Ke7 43. Ra6 Rb8 44. Be2 h5 45. g4 Rb2 46. Bd1 h4 47. Kf1
Ne5 48. Raa1 Kf6 49. Rcb1 Rxb1 50. Rxb1 Nd3 51. Kg1 Nf4 52. Kh2 d4 53. Rb8 e3
54. fxe3 dxe3 55. Bf3 e2 56. Rb1 Ke5 57. Re1 Bc4 58. Rc1 Kd4 59. Ra1 Ke3 60.
Bxe2 Nxe2 61. Ra8 Nd4 62. Kg1 Bd5 63. Re8+ Be4 64. Rc8 Nf3+ 65. Kg2 Ng5+ 66.
Kh2 Kf2 67. Rc7 Nf3+ 68. Kh1 Nd2+ 69. Kh2 Nf1# 0-1

[Event "Superettan(Wasa-Orgryte)"]
[Site "?"]
[Date "2018.03.16"]
[Round "7"]
[White "Virolainen, Victor"]
[Black "Wedberg, Tom"]
[Result "0-1"]
[WhiteElo "2173"]
[BlackElo "2445"]
[PlyCount "70"]

1. e4 c5 2. Nf3 e6 3. d3 Nc6 4. Nbd2 d6 5. g3 g6 6. Bg2 Bg7 7. O-O Nge7 8. Re1
O-O 9. Nf1 e5 10. c3 Kh8 11. Ne3 h6 12. Nd5 Nxd5 13. exd5 Ne7 14. d4 exd4 15.
cxd4 cxd4 16. Nxd4 Nf5 17. Nxf5 Bxf5 18. g4 Bd7 19. h3 f5 20. Be3 Qf6 21. f3 b6
22. Rc1 Rac8 23. b3 f4 24. Bf2 Qb2 25. Rxc8 Rxc8 26. Qb1 Qxb1 27. Rxb1 Rc2 28.
Bf1 Rxa2 29. Bd3 g5 30. b4 Ra1 31. Rxa1 Bxa1 32. Kf1 Kg7 33. b5 Kf6 34. Ke2 Ke5
35. Bc4 Be8 0-1

[Event "Superettan(Wasa-Orgryte)"]
[Site "?"]
[Date "2018.03.16"]
[Round "7"]
[White "Cramling, Pia"]
[Black "Hansson, Fredrik"]
[Result "1-0"]
[WhiteElo "2449"]
[BlackElo "2177"]
[PlyCount "49"]

1. Nf3 Nf6 2. c4 c5 3. Nc3 Nc6 4. d4 cxd4 5. Nxd4 d6 6. e4 g6 7. Be2 Nxd4 8.
Qxd4 Bg7 9. Bg5 O-O 10. Qd2 Re8 11. Rc1 Bd7 12. O-O Bc6 13. f3 a5 14. Kh1 Nd7
15. b3 Nc5 16. Rc2 Be5 17. Rb1 f6 18. Be3 g5 19. a3 e6 20. b4 axb4 21. axb4 Na4
22. Nd1 b6 23. Nf2 Qe7 24. Nd3 h6 25. Nxe5 1-0

[Event "Superettan(Wasa-Orgryte)"]
[Site "?"]
[Date "2018.03.16"]
[Round "7"]
[White "Subramanian, Aditya"]
[Black "Bellon Lopez, Juan"]
[Result "0-1"]
[WhiteElo "2133"]
[BlackElo "2334"]
[PlyCount "80"]

1. c4 c5 2. e3 g6 3. Nc3 Bg7 4. d4 Nf6 5. d5 O-O 6. Nf3 d6 7. Be2 Bg4 8. O-O e5
9. dxe6 fxe6 10. Ng5 Bxe2 11. Nxe2 Qd7 12. Nf4 Re8 13. Qc2 Nc6 14. Bd2 Bh6 15.
Ne4 Nxe4 16. Qxe4 Qf7 17. Bc3 Bxf4 18. Qxf4 Qxf4 19. exf4 d5 20. b3 Kf7 21. h3
b6 22. Rab1 Rad8 23. Rbd1 dxc4 24. bxc4 Ke7 25. Rde1 Rd3 26. Be5 Red8 27. g4
Rxh3 28. Kg2 Rhd3 29. a4 Nxe5 30. Rxe5 Rh8 31. Rfe1 Rd6 32. f5 gxf5 33. gxf5
Rg8+ 34. Kf3 Kf6 35. Rxe6+ Rxe6 36. fxe6 Rg7 37. Kf4 Re7 38. Rh1 Kxe6 39. Rh6+
Kd7 40. Kf5 Rg7 0-1

[Event "Superettan(Wasa-Orgryte)"]
[Site "?"]
[Date "2018.03.16"]
[Round "7"]
[White "Astrom, Goran"]
[Black "Fransson, Patrick"]
[Result "1-0"]
[WhiteElo "2236"]
[BlackElo "2136"]
[PlyCount "59"]

1. e4 c6 2. d4 d5 3. Nc3 dxe4 4. Nxe4 Nf6 5. Nxf6+ exf6 6. Be2 Bd6 7. Bf3 O-O
8. Ne2 Qc7 9. c4 c5 10. dxc5 Bxc5 11. O-O Bd6 12. h3 Be5 13. Qc2 Be6 14. Be3
Nd7 15. Rac1 Rac8 16. b3 b5 17. c5 Qa5 18. Rfd1 Rc7 19. Qd2 b4 20. c6 Nb8 21.
Bc5 Bc3 22. Nxc3 bxc3 23. Rxc3 Rcc8 24. Bxf8 Kxf8 25. Qd6+ Ke8 26. b4 Qb6 27.
a4 a6 28. c7 Nd7 29. Qxb6 Nxb6 30. Bb7 1-0

[Event "Superettan(Wasa-Orgryte)"]
[Site "?"]
[Date "2018.03.16"]
[Round "7"]
[White "Olsson, William"]
[Black "Berkell, Peder"]
[Result "1/2-1/2"]
[WhiteElo "2069"]
[BlackElo "2151"]
[PlyCount "93"]

1. d4 e6 2. Bf4 Nf6 3. Nf3 c5 4. c3 b6 5. Nbd2 Bb7 6. e3 Be7 7. Bd3 cxd4 8.
cxd4 d6 9. h3 O-O 10. O-O Re8 11. Rc1 Nbd7 12. Bb1 Rc8 13. Qe2 Nf8 14. a3 Qd7
15. Rcd1 b5 16. Bd3 a6 17. Bh2 Ng6 18. e4 Bf8 19. e5 Nd5 20. g3 Qc7 21. Rfe1
Qb6 22. Nb3 Rc7 23. h4 dxe5 24. dxe5 Rec8 25. Ng5 Be7 26. Nxh7 Kxh7 27. h5 Rh8
28. hxg6+ fxg6 29. Qg4 Kg8 30. Nd4 Bc8 31. Bxg6 Rh6 32. Bb1 b4 33. Rc1 Bc5 34.
Rcd1 bxa3 35. Ba2 axb2 36. Rf1 Nc3 37. Nf5 Nxd1 38. Nxh6+ Kh8 39. Rxd1 Bxf2+
40. Kg2 Bb7+ 41. Kh3 Bd5 42. Qh4 gxh6 43. Qf6+ Kg8 44. Bb1 Rf7 45. Qg6+ Kf8 46.
Qxh6+ Kg8 47. Qg6+ 1/2-1/2

[Event "Superettan(Wasa-Orgryte)"]
[Site "?"]
[Date "2018.03.16"]
[Round "7"]
[White "Moreau, Teodor"]
[Black "Anderzen, Robert"]
[Result "1-0"]
[WhiteElo "2313"]
[BlackElo "2086"]
[PlyCount "81"]

1. d4 Nf6 2. c4 g6 3. Nc3 Bg7 4. e4 d6 5. Be2 Nbd7 6. Nf3 e5 7. O-O O-O 8. Be3
exd4 9. Nxd4 Nc5 10. f3 a5 11. Qd2 Re8 12. b3 Nh5 13. Rfd1 Qh4 14. Bf2 Qd8 15.
Bf1 Be5 16. g3 Bg7 17. Rac1 Bd7 18. Nde2 Be6 19. Bg2 Rc8 20. Nd4 Bd7 21. Nd5
Ra8 22. Nb5 Bxb5 23. cxb5 Nf6 24. Bxc5 dxc5 25. Rxc5 Bf8 26. Rc2 Nxd5 27. Qxd5
Qxd5 28. Rxd5 Rac8 29. Bh3 Rcd8 30. Bd7 Re7 31. Rxc7 b6 32. e5 g5 33. Kg2 Bh6
34. Kh3 Rde8 35. Bxe8 Rxc7 36. Bc6 Bf8 37. Kg4 h6 38. f4 gxf4 39. gxf4 Kg7 40.
Kf5 Bc5 41. Rxc5 1-0

[Event "Superettan(Burgsvik-Vasteras)"]
[Site "?"]
[Date "2018.03.16"]
[Round "7"]
[White "Eriksson, Johan"]
[Black "Andersson, Tommy"]
[Result "1/2-1/2"]
[WhiteElo "2395"]
[BlackElo "2396"]
[PlyCount "43"]

1. d4 d5 2. c4 e6 3. Nc3 c6 4. e3 Nf6 5. Nf3 Bd6 6. Bd3 O-O 7. O-O Nbd7 8. e4
dxc4 9. Bxc4 e5 10. Bg5 Qc7 11. d5 h6 12. Bh4 g5 13. dxc6 bxc6 14. Bg3 Nc5 15.
h4 g4 16. Nd2 Ne6 17. Rc1 Nf4 18. Bb3 Ba6 19. Bc4 Bc8 20. Bb3 Ba6 21. Bc4 Bc8
22. Bb3 1/2-1/2

[Event "Superettan(Burgsvik-Vasteras)"]
[Site "?"]
[Date "2018.03.16"]
[Round "7"]
[White "Persson, Mats"]
[Black "Akesson, Ralf"]
[Result "1/2-1/2"]
[WhiteElo "2299"]
[BlackElo "2443"]
[PlyCount "61"]

1. d4 Nf6 2. Nf3 e6 3. g3 b5 4. Bg2 Bb7 5. O-O c5 6. c3 Na6 7. Bg5 Be7 8. Nbd2
O-O 9. Re1 cxd4 10. cxd4 Rc8 11. a3 h6 12. Bxf6 Bxf6 13. e3 Qb6 14. Qb3 Nb8 15.
Rec1 Be7 16. Bf1 a6 17. Bg2 Rc7 18. Qd1 Rfc8 19. Ne5 Bxg2 20. Kxg2 Nc6 21. Nd3
Na5 22. Rxc7 Rxc7 23. Rc1 Nc4 24. Kg1 Qb7 25. Nb3 d6 26. Qe2 Bd8 27. Rc3 Qe4
28. Nd2 Qb7 29. Nb3 Qe4 30. Nd2 Qb7 31. Nb3 1/2-1/2